| 000 | 00717nam a22001577a 4500 | ||
|---|---|---|---|
| 003 | OSt | ||
| 005 | 20150927171104.0 | ||
| 008 | 150927b xxu||||| |||| 00| 0 eng d | ||
| 040 | _cRUA | ||
| 082 | _aATM.Sp MOM 2003 B058 Or.1 | ||
| 100 |
_91466 _aMOM, SITHA. |
||
| 245 | _aUsing the neem leaf for controlling diamond back moth on chinese kalle in kiensvay district kandal province, កាតប្រើប្រាស់ស្លឹកស្ដៅកំចាត់ដង្កូវយោលទោងលើដំណាំខាត់ណាដើម ស្រុកគៀនស្វាយ ខេត្តកណ្ដាល | ||
| 260 |
_aPhnom Penh _bRUA _c2003 |
||
| 300 |
_a52p. _bill. _c29cm. |
||
| 942 |
_2ddc _cATMSP |
||
| 999 |
_c1377 _d1377 |
||